000 01139nam a22003257a 4500
005 20210419073145.0
008 201120s2017 ||||| |||| 00| 0 eng d
020 _a9781506228211
020 _a9781506220864
040 _aeng
_cDLC
041 _aeng
080 _a616.89
_bK-20
100 _911
_aGonzalez-Mayo, Alina, MD
245 _aUSMLE Step 2 CK
_b: Lecture Notes 2018 : Psychiatry, Epidemiology, Ethics, Patient Safety
_c/ by: Kaplan Medical
260 _aNew York
_bKaplan Medical
_c2017
300 _a237 p.
_bill
365 _b64.99 usd
650 0 _969
_aMedicine
650 0 _988
_aClinical Medicine
650 0 _980
_aUSMLE Step 2 CK
653 _aმედიცინა
653 _aკლინიკური მედიცინა
653 _aფსიქიატრია
653 _aქცევის შემსწავლელი მეცნიერებები
653 _aეპიდემიოლოგია
653 _aეთიკა
653 _aპაციენტის უსაფრთხოება
700 _9145
_aJames, A. Ted
_eEditor
942 _2udc
_cBK
999 _c298
_d298